Lok Boli Lok Wehar / (Record no. 524237)

000 -LEADER
fixed length control field 00491nam a22001817a 4500
003 - CONTROL NUMBER IDENTIFIER
control field NUST
020 ## - INTERNATIONAL STANDARD BOOK NUMBER
International Standard Book Number 978-969-577-056-06
038 ## - RECORD CONTENT LICENSOR
Staff Name waseem
082 ## - DEWEY DECIMAL CLASSIFICATION NUMBER
Classification number 491.49131
Author Mark MAQ
100 ## - MAIN ENTRY--PERSONAL NAME
Personal name Saqib, Maqsood
9 (RLIN) 15047
245 ## - TITLE STATEMENT
Title Lok Boli Lok Wehar /
Statement of responsibility, etc. Maqsood Saqib
260 ## - PUBLICATION, DISTRIBUTION, ETC.
Place of publication, distribution, etc. Lahore :
Name of publisher, distributor, etc. Sacheet Kitab Ghar,
Date of publication, distribution, etc. 2013.
300 ## - PHYSICAL DESCRIPTION
Extent 246p. ;
500 ## - GENERAL NOTE
General note Papercover.
880 ## - ALTERNATE GRAPHIC REPRESENTATION
Linkage 100-01\r
Title مقصودثاقب
880 ## - ALTERNATE GRAPHIC REPRESENTATION
Linkage 245.02\r
Title لوک بولی لوک ویہار /
942 ## - ADDED ENTRY ELEMENTS (KOHA)
Source of classification or shelving scheme
Koha item type bound volumes
Holdings
Withdrawn status Lost status Source of classification or shelving scheme Damaged status Not for loan Permanent Location Current Location Shelving location Date acquired Total Checkouts Full call number Barcode Date last seen Price effective from Koha item type
          Central Library (CL) Central Library (CL) Punjabi Literature 06/19/2019   491.49131 MAQ CL-E-1508 06/19/2019 06/19/2019 bound volumes
© 2023 Central Library, National University of Sciences and Technology. All Rights Reserved.